000 002440000a22000970004500
100 1 _aSafren, Jonathan D.
245 1 0 _aBaalam and Abraham
300 _aVol. 38, Num. 1 (Enero, 1988), Páginas 105-113
773 0 _tVetus Testamentum
942 _cANA
999 _c57381
_d57381